<?xml version="1.0" encoding="UTF-8"?>
<record
    xmlns:xsi="http://www.w3.org/2001/XMLSchema-instance"
    xsi:schemaLocation="http://www.loc.gov/MARC21/slim http://www.loc.gov/standards/marcxml/schema/MARC21slim.xsd"
    xmlns="http://www.loc.gov/MARC21/slim">

  <leader>01101nam0a22002891  4500</leader>
  <controlfield tag="001">rc\4078201</controlfield>
  <controlfield tag="005">20260406123014.0</controlfield>
  <datafield tag="021" ind1=" " ind2=" ">
    <subfield code="a">RU</subfield>
    <subfield code="b">[54-32723]</subfield>
  </datafield>
  <datafield tag="035" ind1=" " ind2=" ">
    <subfield code="a">(NLR Aleph) 008124311</subfield>
  </datafield>
  <datafield tag="090" ind1=" " ind2=" ">
    <subfield code="a">9383311</subfield>
    <subfield code="c">9383311</subfield>
  </datafield>
  <datafield tag="100" ind1=" " ind2=" ">
    <subfield code="a">20130415d1954    |||y0rusy50      ca</subfield>
  </datafield>
  <datafield tag="101" ind1="0" ind2=" ">
    <subfield code="a">rus</subfield>
  </datafield>
  <datafield tag="102" ind1=" " ind2=" ">
    <subfield code="a">RU</subfield>
  </datafield>
  <datafield tag="105" ind1=" " ind2=" ">
    <subfield code="a">a   z   |||||</subfield>
  </datafield>
  <datafield tag="200" ind1="1" ind2=" ">
    <subfield code="a">&#x418;&#x43D;&#x441;&#x442;&#x440;&#x443;&#x43A;&#x446;&#x438;&#x44F; &#x43A; &#x434;&#x43E;&#x43C;&#x430;&#x448;&#x43D;&#x438;&#x43C; &#x437;&#x430;&#x434;&#x430;&#x43D;&#x438;&#x44F;&#x43C; &#x43F;&#x43E; &#x43A;&#x443;&#x440;&#x441;&#x443; &#x441;&#x43E;&#x43F;&#x440;&#x43E;&#x442;&#x438;&#x432;&#x43B;&#x435;&#x43D;&#x438;&#x44F; &#x43C;&#x430;&#x442;&#x435;&#x440;&#x438;&#x430;&#x43B;&#x43E;&#x432;</subfield>
    <subfield code="f">&#x41A;&#x430;&#x437;&#x430;&#x43D;. &#x430;&#x432;&#x438;&#x430;&#x446;. &#x438;&#x43D;-&#x442;. &#x41A;&#x430;&#x444;&#x435;&#x434;&#x440;&#x430; &#x441;&#x43E;&#x43F;&#x440;&#x43E;&#x442;&#x438;&#x432;&#x43B;&#x435;&#x43D;&#x438;&#x44F; &#x43C;&#x430;&#x442;&#x435;&#x440;&#x438;&#x430;&#x43B;&#x43E;&#x432;</subfield>
  </datafield>
  <datafield tag="210" ind1=" " ind2=" ">
    <subfield code="a">&#x41A;&#x430;&#x437;&#x430;&#x43D;&#x44C;</subfield>
    <subfield code="c">&#x411;. &#x438;.</subfield>
    <subfield code="d">1954</subfield>
  </datafield>
  <datafield tag="215" ind1=" " ind2=" ">
    <subfield code="a">24 &#x441;.</subfield>
    <subfield code="c">&#x447;&#x435;&#x440;&#x442;.</subfield>
    <subfield code="d">25</subfield>
  </datafield>
  <datafield tag="300" ind1=" " ind2=" ">
    <subfield code="a">&#x41D;&#x430; 24-&#x439; &#x441;. &#x441;&#x43E;&#x441;&#x442;.: &#x412;&#x430;&#x445;&#x438;&#x442;&#x43E;&#x432; &#x41C;.&#x411;.</subfield>
  </datafield>
  <datafield tag="606" ind1=" " ind2=" ">
    <subfield code="a">&#x421;&#x43E;&#x43F;&#x440;&#x43E;&#x442;&#x438;&#x432;&#x43B;&#x435;&#x43D;&#x438;&#x435; &#x43C;&#x430;&#x442;&#x435;&#x440;&#x438;&#x430;&#x43B;&#x43E;&#x432;</subfield>
    <subfield code="x">&#x414;&#x43E;&#x43C;&#x430;&#x448;&#x43D;&#x438;&#x435; &#x437;&#x430;&#x434;&#x430;&#x43D;&#x438;&#x44F;</subfield>
    <subfield code="2">psbo</subfield>
  </datafield>
  <datafield tag="702" ind1=" " ind2="1">
    <subfield code="a">&#x412;&#x430;&#x445;&#x438;&#x442;&#x43E;&#x432;</subfield>
    <subfield code="b">&#x41C;.&#x411;.</subfield>
    <subfield code="4">220</subfield>
  </datafield>
  <datafield tag="710" ind1="0" ind2="2">
    <subfield code="a">&#x41A;&#x430;&#x437;&#x430;&#x43D;&#x441;&#x43A;&#x438;&#x439; &#x430;&#x432;&#x438;&#x430;&#x446;&#x438;&#x43E;&#x43D;&#x43D;&#x44B;&#x439; &#x438;&#x43D;&#x441;&#x442;&#x438;&#x442;&#x443;&#x442;</subfield>
    <subfield code="3">RU\NLR\AUTH\8815734</subfield>
    <subfield code="9">304615</subfield>
  </datafield>
  <datafield tag="801" ind1=" " ind2="0">
    <subfield code="a">RU</subfield>
    <subfield code="b">NLR</subfield>
    <subfield code="g">psbo</subfield>
  </datafield>
  <datafield tag="801" ind1=" " ind2="1">
    <subfield code="a">RU</subfield>
    <subfield code="b">ELAR</subfield>
    <subfield code="2">rusmarc</subfield>
  </datafield>
  <datafield tag="852" ind1=" " ind2=" ">
    <subfield code="a">NLR</subfield>
    <subfield code="j">&#x41C;&#x445;02 &#x413;-8/125</subfield>
  </datafield>
  <datafield tag="942" ind1=" " ind2=" ">
    <subfield code="c">BOOK</subfield>
  </datafield>
  <datafield tag="980" ind1=" " ind2=" ">
    <subfield code="a">NB</subfield>
  </datafield>
  <datafield tag="995" ind1=" " ind2=" ">
    <subfield code="5">2013-10-26</subfield>
    <subfield code="b">NLR02</subfield>
    <subfield code="c">NLR02</subfield>
    <subfield code="e">RFS</subfield>
    <subfield code="f">8124311-10</subfield>
    <subfield code="k">&#x41C;&#x445;02 &#x413;-8/125</subfield>
    <subfield code="o">0</subfield>
    <subfield code="r">BOOK</subfield>
    <subfield code="s">02_8125</subfield>
  </datafield>
</record>
